00606nam a2200169 i 450000100060000000300090000600500170001500700030003200800410003510000230007624501310009926000740023030000210030465000460032565100430037185200220041439368ES-MaACL20250830232545.0t|030227s1964 sp ||||1| spa d1 aCalleja, Fernando.13aEl presidente de los Estados Unidos de América b: sus funciones, sus prerrogativas, su elección / cpor Fernando Calleja. aMadrid : b[Servicio de Informaciones de los Estados Unidos], c1964. a54 p. ; c21 cm. 4aPresidentes de gobierno-zEstados Unidos. 4aEstados Unidos-xPolítica y gobierno aES-MaACLjC-25780